000 02324nam a22004578i 4500
001 BDZ0051828634
003 StDuBDS
005 20230721110715.0
006 m|||||o||d||||||||
007 cr |||||||||||
008 221123s2022 enk o 001|0|eng|d
020 _a9781802361810 (ePub ebook) :
_c5.99
040 _aStDuBDS
_beng
_erda
_epn
_cStDuBDS
_dStDuBDSZ
050 4 _aKD899
072 7 _aADR
_2ukslc
072 7 _aLN
_2bicssc
072 7 _aLR
_2bicssc
072 7 _aLN
_2thema
072 7 _aLX
_2thema
082 0 4 _a346.420434
_223
100 1 _aMcQueen, John,
_eauthor.
245 1 3 _aAn emerald guide to landlord and tenant law
_bthe law covering residential and commercial property /
_cJohn McQueen.
_h[electronic resource] :
250 _aRevised edition.
264 1 _aDerby :
_bStraightforward Publishing,
_c2022.
300 _a1 online resource (178 pages).
336 _atext
_2rdacontent
337 _acomputer
_2rdamedia
338 _aonline resource
_2rdacarrier
366 _b20220825
_cIn stock
490 1 _aEmerald home lawyer series
500 _aIncludes index.
520 8 _aThis is a comprehensive guide to the law as it relates to property ownership and will enable the reader to understand issues of ownership and leasing of commercial and residential property.
_bLandlord and Tenant Law, is a comprehensive guide to all aspects of the law as it affects landlord and tenant. As well as being an invaluable guide for the professional, it will be very useful for landlords who let property and also for tenants. The book is clear and concise and covers the following areas: The law relating to property generally, An outline of different tenure types, Public/private tenants, Freeholders and leaseholders, Letting property, Rent and service charges, Repairing responsibilities, Legal action against landlord or tenant. The impact of the pandemic is also covered.
588 _aDescription based on CIP data; resource not viewed.
650 7 _aEBOOK
650 7 _aLAW
650 7 _aLANDLORD AND TENANT
776 0 8 _iPrint version :
_z9781802360936
830 0 _aEmerald home lawyer series.
856 4 0 _uhttps://www.vlebooks.com/product/openreader?id=RICS&accId=9491556&isbn=9781802361810
_zView on VLEbooks. Logins for members only from [email protected]
942 _2ddc
999 _c121619
_d121619